| 000 | 00434 a2200169 4500 | ||
|---|---|---|---|
| 001 | 189629 | ||
| 020 | _a | ||
| 040 | _cMagnum | ||
| 100 | _aArreguy, Cintia Aparecida Chagas | ||
| 240 | 1 | 0 |
_aBelo Horizonte: regional noroeste _lpor |
| 245 | 1 | 0 | _aBelo Horizonte: regional noroeste |
| 300 | _a77 | ||
| 362 | 0 | _a2008 | |
| 440 | 1 | _aArquivo Público da Cidade de Belo Horizonte | |
| 697 | _aLITERATURA INFANTO-JUVENIL | ||
| 942 | _cBK | ||
| 999 |
_c189629 _d189629 |
||